000 00564 a2200217 4500
003 43692
005 20251010215853.0
008 251010b |||||||| |||| 00| 0 eng d
022 _a2323-456x
040 _cNile university of Nigeria, Abuja.
_erda
050 _a K 60 N5
082 _a K 60 N5
245 _aTHE NIGERIA JOURNAL OF PUBLIC LAW
250 _avol.2,2013
260 _aLagos
_bFlul press
_c2013
264 _aLagos
_bFlul press
_c2013
300 _bii, 296 pg., 30 cm
336 _2rdacontent
338 _2rdacarrier
942 _2lcc
_cSERIAL
999 _c43682
_d43682